00000000nam##2200000za#4500
0019.697982
003CaOODSP
00520210624235725
007cr |||||||||||
008150407|2010||||xxc|||||o    f|0| 0 eng|d
040 |aCaOODSP|beng
043 |an-cn---
0861 |aCi96-114/2010E-PDF
1101 |aCanada. |bCitizenship and Immigration Canada.
24510|aEvaluation of Canada's Action Plan Against Racism / |h[electronic resource]|c[issued by] Evaluation Division.
260 |aOttawa - Ontario : |bCitizenship and Immigration Canada |cDecember 2010.
300 |a69p.|breferences, tables
500 |aThe catalogue number (Ci96-114/2010E) and ISBN (978-100-17741-0) for the print edition have been incorrectly copied in this electronic publication.
590 |a13-15-Supp|b2013-06-24
69007|aPrevention|2gcpds
69007|aProgram assessment|2gcpds
69007|aRacial discrimination|2gcpds
77508|tÉvaluation du Plan d'action canadien contre le racisme / |w(CaOODSP)9.641967
85640|ahttp://publications.gc.ca|qPDF|s941 KB|uhttps://publications.gc.ca/collections/collection_2013/cic/Ci96-114-2010-eng.pdf
986 |aER201103_01E